000
00273nam a2200121Ia 4500
008
190216s9999||||xx |||||||||||||| ||und||
100
_a
Dr.Mambar Shadani
245
0
_a
Hindi-Nakma Ye Katham
260
_b
Kavitha Prakasan
300
_a
80
650
_a
Hindi
942
_c
BK
999
_c
16165
_d
16165